| 000 | 00435cam a2200145 4500500 | ||
|---|---|---|---|
| 005 | 20251012025206.0 | ||
| 041 | _afre | ||
| 042 | _adc | ||
| 100 | 1 | 0 |
_aDarbord, Bernard _eauthor |
| 245 | 0 | 0 | _aPages de début |
| 260 | _c2000. | ||
| 500 | _a75 | ||
| 786 | 0 | _nL'Année canonique | XLII | 1 | 2000-02-11 | p. 1-3 | 0570-1953 | |
| 856 | 4 | 1 | _uhttps://shs.cairn.info/revue-l-annee-canonique-2000-1-page-1?lang=fr&redirect-ssocas=7080 |
| 999 |
_c1544788 _d1544788 |
||